[Event "msr26ss"]
[Site "?"]
[Date "2026.03.26"]
[Round "3.11"]
[White "Tokarcik, Jan"]
[Black "Mizanin, Matej"]
[Result "1-0"]
[BlackElo "1675"]
[WhiteElo "1988"]
[LiveChessVersion "1.4.8"]

1. c4 {[%clk 0:10:02]} g6 {[%clk 0:10:04]} 2. Nc3 {[%clk 0:10:02]} Nf6
{[%clk 0:10:05]} 3. Nf3 {[%clk 0:10:02]} Bg7 {[%clk 0:10:02]} 4. g3
{[%clk 0:10:03]} O-O {[%clk 0:10:01]} 5. Bg2 {[%clk 0:10:03]} d5 {[%clk 0:10:01]}
6. cxd5 {[%clk 0:10:02]} Nxd5 {[%clk 0:10:01]} 7. O-O {[%clk 0:10:02]} c5
{[%clk 0:09:47]} 8. d4 {[%clk 0:07:06]} cxd4 {[%clk 0:09:47]} 9. Nxd4
{[%clk 0:07:07]} Nxc3 {[%clk 0:09:48]} 10. bxc3 {[%clk 0:07:07]} a6
{[%clk 0:09:10]} 11. Rb1 {[%clk 0:06:32]} Qc7 {[%clk 0:09:01]} 12. Qb3
{[%clk 0:06:15]} Bxd4 {[%clk 0:08:24]} 13. cxd4 {[%clk 0:06:09]} Nc6
{[%clk 0:08:14]} 14. Bh6 {[%clk 0:05:20]} Re8 {[%clk 0:07:25]} 15. Qc3
{[%clk 0:04:25]} e5 {[%clk 0:06:21]} 16. d5 {[%clk 0:04:22]} Qa5 {[%clk 0:05:59]}
17. Qf3 {[%clk 0:02:34]} Nd4 {[%clk 0:02:38]} 18. Qd3 {[%clk 0:02:35]} Qxa2
{[%clk 0:02:05]} 19. e4 {[%clk 0:01:07]} Qe2 {[%clk 0:01:50]} 20. Qa3
{[%clk 0:00:42]} Nb5 {[%clk 0:00:56]} 21. Rxb5 {[%clk 0:00:27]} Qxb5
{[%clk 0:00:55]} 22. Qd6 {[%clk 0:00:29]} Be6 {[%clk 0:00:28]} 23. dxe6
{[%clk 0:00:25]} Rxe6 {[%clk 0:00:28]} 24. Qd5 {[%clk 0:00:23]} Qxd5
{[%clk 0:00:20]} 25. exd5 {[%clk 0:00:24]} Rd6 {[%clk 0:00:21]} 26. Be3
{[%clk 0:00:21]} f5 {[%clk 0:00:18]} 27. Bc5 {[%clk 0:00:18]} Rd7
{[%clk 0:00:18]} 28. d6 {[%clk 0:00:18]} b6 {[%clk 0:00:17]} 29. Bxa8
{[%clk 0:00:19]} bxc5 {[%clk 0:00:18]} 30. Rc1 {[%clk 0:00:18]} Rxd6
{[%clk 0:00:11]} 31. Rxc5 {[%clk 0:00:19]} e4 {[%clk 0:00:11]} 32. Ra5
{[%clk 0:00:16]} Rb6 {[%clk 0:00:10]} 33. Bd5+ {[%clk 0:00:15]} 1-0

[Event "msr26ss"]
[Site "?"]
[Date "2026.03.26"]
[Round "3.12"]
[White "Knapova, Nicol"]
[Black "Tyssova, Veronika"]
[Result "1-0"]
[BlackElo "1000"]
[WhiteElo "1604"]
[LiveChessVersion "1.4.8"]

1. e4 {[%clk 0:10:02]} e5 {[%clk 0:10:03]} 2. Nf3 {[%clk 0:10:03]} Nc6
{[%clk 0:10:03]} 3. Bc4 {[%clk 0:10:03]} d6 {[%clk 0:09:57]} 4. h3
{[%clk 0:10:00]} Nf6 {[%clk 0:09:55]} 5. d3 {[%clk 0:09:58]} Be7 {[%clk 0:09:55]}
6. Bg5 {[%clk 0:09:27]} a6 {[%clk 0:09:41]} 7. c3 {[%clk 0:09:16]} Qd7
{[%clk 0:09:18]} 8. Nbd2 {[%clk 0:09:05]} b6 {[%clk 0:09:14]} 9. d4
{[%clk 0:08:54]} Bb7 {[%clk 0:09:00]} 10. d5 {[%clk 0:07:32]} Na5
{[%clk 0:08:52]} 11. Bd3 {[%clk 0:06:53]} c6 {[%clk 0:08:41]} 12. b4
{[%clk 0:06:31]} cxd5 {[%clk 0:08:12]} 13. Bxf6 {[%clk 0:03:57]} Nc4
{[%clk 0:07:39]} 14. Bxc4 {[%clk 0:03:41]} dxc4 {[%clk 0:07:35]} 15. Bxe7
{[%clk 0:03:35]} Qxe7 {[%clk 0:07:30]} 16. Nxc4 {[%clk 0:03:24]} b5
{[%clk 0:07:23]} 17. Nb6 {[%clk 0:03:05]} Rd8 {[%clk 0:07:08]} 18. Nd5
{[%clk 0:02:58]} Bxd5 {[%clk 0:07:02]} 19. Qxd5 {[%clk 0:02:59]} O-O
{[%clk 0:06:38]} 20. O-O {[%clk 0:02:48]} Rc8 {[%clk 0:06:30]} 21. Rac1
{[%clk 0:02:47]} Qf6 {[%clk 0:06:04]} 22. Rfd1 {[%clk 0:02:37]} Rfd8
{[%clk 0:05:51]} 23. c4 {[%clk 0:02:20]} bxc4 {[%clk 0:05:38]} 24. Rxc4
{[%clk 0:02:20]} Rxc4 {[%clk 0:05:33]} 25. Qxc4 {[%clk 0:02:21]} h6
{[%clk 0:05:30]} 26. Qc6 {[%clk 0:02:03]} Qf4 {[%clk 0:04:57]} 27. Qxa6
{[%clk 0:01:41]} Qxe4 {[%clk 0:04:51]} 28. a3 {[%clk 0:01:10]} Qc2
{[%clk 0:04:45]} 29. Qd3 {[%clk 0:01:07]} Qc6 {[%clk 0:04:27]} 30. Qd5
{[%clk 0:01:01]} Qd7 {[%clk 0:04:25]} 31. Nxe5 {[%clk 0:00:54]} Qa7
{[%clk 0:04:03]} 32. Nc6 {[%clk 0:00:52]} Qxa3 {[%clk 0:03:52]} 33. Nxd8
{[%clk 0:00:53]} Qxb4 {[%clk 0:03:51]} 34. Qxd6 {[%clk 0:00:53]} Qxd6
{[%clk 0:03:31]} 35. Rxd6 {[%clk 0:00:54]} Kh7 {[%clk 0:03:32]} 36. Nxf7
{[%clk 0:00:54]} Kg8 {[%clk 0:03:30]} 37. Ne5 {[%clk 0:00:55]} Kh7
{[%clk 0:03:29]} 38. Rd7 {[%clk 0:00:55]} Kg8 {[%clk 0:03:24]} 39. Kf1
{[%clk 0:00:54]} Kf8 {[%clk 0:03:23]} 40. Ke2 {[%clk 0:00:54]} g5
{[%clk 0:03:22]} 41. Kf3 {[%clk 0:00:53]} Ke8 {[%clk 0:03:21]} 42. Rh7
{[%clk 0:00:54]} Kf8 {[%clk 0:03:21]} 43. Kg4 {[%clk 0:00:55]} Kg8
{[%clk 0:03:22]} 44. Ra7 {[%clk 0:00:55]} Kf8 {[%clk 0:03:20]} 45. Kf5
{[%clk 0:00:56]} Ke8 {[%clk 0:03:20]} 46. Kf6 {[%clk 0:00:56]} Kd8
{[%clk 0:03:17]} 47. Ke6 {[%clk 0:00:55]} Kc8 {[%clk 0:03:18]} 48. Kd6
{[%clk 0:00:57]} Kb8 {[%clk 0:03:19]} 49. Rh7 {[%clk 0:00:57]} Ka8
{[%clk 0:03:19]} 50. Kc6 {[%clk 0:00:58]} Kb8 {[%clk 0:03:20]} 51. Rg7
{[%clk 0:00:46]} Ka8 {[%clk 0:03:19]} 52. Kb6 {[%clk 0:00:47]} Kb8
{[%clk 0:03:19]} 53. Rg8# {[%clk 0:00:39]} 1-0

[Event "msr26ss"]
[Site "?"]
[Date "2026.03.26"]
[Round "3.13"]
[White "Kudela, Oliver"]
[Black "Durovka, Marek"]
[Result "0-1"]
[BlackElo "2010"]
[WhiteElo "2024"]
[LiveChessVersion "1.4.8"]

1. e4 {[%clk 0:10:02]} c5 {[%clk 0:09:58]} 2. Nf3 {[%clk 0:10:02]} Nc6
{[%clk 0:09:53]} 3. d4 {[%clk 0:10:03]} cxd4 {[%clk 0:09:54]} 4. Nxd4
{[%clk 0:10:04]} Nf6 {[%clk 0:09:50]} 5. Nc3 {[%clk 0:10:05]} d6 {[%clk 0:09:51]}
6. Be3 {[%clk 0:10:04]} Ng4 {[%clk 0:09:49]} 7. Bc1 {[%clk 0:10:01]} Qb6
{[%clk 0:08:45]} 8. Be2 {[%clk 0:09:00]} Nxd4 {[%clk 0:07:01]} 9. Na4
{[%clk 0:08:05]} Qa5+ {[%clk 0:04:33]} 10. c3 {[%clk 0:08:04]} Nxe2
{[%clk 0:04:32]} 11. Kxe2 {[%clk 0:07:29]} Bd7 {[%clk 0:03:44]} 12. b3
{[%clk 0:07:20]} Bxa4 {[%clk 0:03:28]} 13. bxa4 {[%clk 0:07:20]} Qxc3
{[%clk 0:02:57]} 14. Bd2 {[%clk 0:07:13]} Qc4+ {[%clk 0:02:54]} 15. Ke1
{[%clk 0:07:12]} Qxe4+ {[%clk 0:02:52]} 16. Kf1 {[%clk 0:07:13]} Qd3+
{[%clk 0:02:29]} 17. Kg1 {[%clk 0:07:11]} Qd4 {[%clk 0:02:24]} 18. Qe2
{[%clk 0:06:55]} Qxa1+ {[%clk 0:02:24]} 19. Be1 {[%clk 0:06:56]} Rc8
{[%clk 0:02:06]} 20. h3 {[%clk 0:06:46]} Rc1 {[%clk 0:01:51]} 21. Qb5+
{[%clk 0:06:41]} Kd8 {[%clk 0:01:52]} 22. hxg4 {[%clk 0:06:41]} Rxe1+
{[%clk 0:01:53]} 23. Kh2 {[%clk 0:06:42]} Rxh1+ {[%clk 0:01:52]} 24. Kg3
{[%clk 0:06:43]} Qc3+ {[%clk 0:01:53]} 25. f3 {[%clk 0:06:44]} Qe1+
{[%clk 0:01:48]} 26. Kf4 {[%clk 0:06:44]} g5+ {[%clk 0:01:09]} 27. Kf5
{[%clk 0:06:41]} Qe6+ {[%clk 0:01:07]} 28. Kxg5 {[%clk 0:10:02]} Bh6#
{[%clk 0:10:02]} 0-1

[Event "msr26ss"]
[Site "?"]
[Date "2026.03.26"]
[Round "3.14"]
[White "Strapec, Lukas"]
[Black "Klimek, Martin"]
[Result "1-0"]
[BlackElo "1803"]
[WhiteElo "1886"]
[LiveChessVersion "1.4.8"]

1. d4 {[%clk 0:10:02]} Nf6 2. c4 {[%clk 0:09:59]} c5 {[%clk 0:10:02]} 3. Nf3
{[%clk 0:09:42]} cxd4 {[%clk 0:10:03]} 4. Nxd4 {[%clk 0:09:42]} Nc6
{[%clk 0:10:04]} 5. Nc3 {[%clk 0:09:26]} e6 {[%clk 0:09:47]} 6. g3
{[%clk 0:09:03]} d5 {[%clk 0:09:47]} 7. Bg2 {[%clk 0:08:49]} Bc5 {[%clk 0:09:37]}
8. Nxc6 {[%clk 0:08:13]} bxc6 {[%clk 0:09:37]} 9. O-O {[%clk 0:08:10]} O-O
{[%clk 0:09:29]} 10. Bf4 {[%clk 0:07:30]} Bd6 {[%clk 0:07:58]} 11. Bxd6
{[%clk 0:07:25]} Qxd6 {[%clk 0:07:58]} 12. Re1 {[%clk 0:06:32]} Qb4
{[%clk 0:06:18]} 13. cxd5 {[%clk 0:04:56]} cxd5 {[%clk 0:05:56]} 14. Rb1
{[%clk 0:03:58]} Ba6 {[%clk 0:05:05]} 15. a3 {[%clk 0:03:51]} Qc5
{[%clk 0:04:22]} 16. Na4 {[%clk 0:03:21]} Qe7 {[%clk 0:03:58]} 17. b4
{[%clk 0:03:14]} Bc4 {[%clk 0:03:26]} 18. Nc5 {[%clk 0:02:23]} Nd7
{[%clk 0:03:18]} 19. Nxd7 {[%clk 0:02:00]} Qxd7 {[%clk 0:03:10]} 20. e4
{[%clk 0:01:55]} d4 {[%clk 0:02:28]} 21. e5 {[%clk 0:01:18]} Rac8
{[%clk 0:02:29]} 22. Re4 {[%clk 0:00:58]} Rfd8 {[%clk 0:02:06]} 23. Rc1
{[%clk 0:00:31]} Ba6 {[%clk 0:02:01]} 24. Rxc8 {[%clk 0:00:30]} Bxc8
{[%clk 0:02:02]} 25. Qd3 {[%clk 0:00:12]} Bb7 {[%clk 0:01:34]} 26. Rh4
{[%clk 0:00:10]} h6 {[%clk 0:01:23]} 27. Bxb7 {[%clk 0:00:09]} Qxb7
{[%clk 0:01:21]} 28. Rxd4 {[%clk 0:00:10]} Rxd4 {[%clk 0:01:10]} 29. Qxd4
{[%clk 0:00:11]} Qf3 {[%clk 0:01:07]} 30. Qe3 {[%clk 0:00:06]} Qd1+
{[%clk 0:01:07]} 31. Kg2 {[%clk 0:00:06]} Qd5+ {[%clk 0:01:08]} 32. f3
{[%clk 0:00:06]} a5 {[%clk 0:01:05]} 33. bxa5 {[%clk 0:00:04]} Qxa5
{[%clk 0:01:05]} 34. g4 {[%clk 0:00:04]} Qd5 {[%clk 0:01:01]} 35. Qc3
{[%clk 0:00:03]} g6 {[%clk 0:00:52]} 36. a4 {[%clk 0:00:04]} Qa2+
{[%clk 0:00:49]} 37. Kg3 {[%clk 0:00:05]} Qxa4 {[%clk 0:00:50]} 38. Qd3
{[%clk 0:00:05]} Qa5 {[%clk 0:00:44]} 39. Qe3 {[%clk 0:00:05]} Kg7
{[%clk 0:00:35]} 40. h4 {[%clk 0:00:06]} Qd5 {[%clk 0:00:20]} 41. h5
{[%clk 0:00:06]} g5 {[%clk 0:00:19]} 42. f4 {[%clk 0:00:06]} gxf4+
{[%clk 0:00:17]} 43. Qxf4 {[%clk 0:00:07]} Qd3+ {[%clk 0:00:18]} 44. Kh4
{[%clk 0:00:06]} Qe2 {[%clk 0:00:08]} 45. Qf6+ {[%clk 0:00:06]} Kg8
{[%clk 0:00:09]} 46. Qd8+ {[%clk 0:00:07]} Kg7 {[%clk 0:00:10]} 47. Qf6+
{[%clk 0:00:07]} Kg8 {[%clk 0:00:11]} 48. Qf4 {[%clk 0:00:03]} Qe1+
{[%clk 0:00:09]} 49. Qg3 {[%clk 0:00:04]} Qe3 {[%clk 0:00:00]} 1-0

[Event "msr26ss"]
[Site "?"]
[Date "2026.03.26"]
[Round "3.15"]
[White "Horvathova, Hana"]
[Black "Barina, Branislav"]
[Result "1-0"]
[BlackElo "1789"]
[WhiteElo "1870"]
[LiveChessVersion "1.4.8"]

1. e4 {[%clk 0:10:03]} c6 {[%clk 0:10:02]} 2. d4 {[%clk 0:10:02]} d5
{[%clk 0:10:02]} 3. Nd2 {[%clk 0:09:57]} dxe4 {[%clk 0:10:02]} 4. Nxe4
{[%clk 0:09:57]} Nf6 {[%clk 0:10:03]} 5. Ng3 {[%clk 0:09:51]} g6 {[%clk 0:09:45]}
6. Nf3 {[%clk 0:09:35]} Bg7 {[%clk 0:09:44]} 7. Bd3 {[%clk 0:09:11]} O-O
{[%clk 0:09:44]} 8. O-O {[%clk 0:09:08]} Bg4 {[%clk 0:09:34]} 9. c3
{[%clk 0:09:09]} Re8 {[%clk 0:09:25]} 10. Re1 {[%clk 0:08:58]} e6
{[%clk 0:08:57]} 11. h3 {[%clk 0:08:54]} Bf5 {[%clk 0:08:37]} 12. Nxf5
{[%clk 0:08:46]} exf5 {[%clk 0:08:38]} 13. Bf4 {[%clk 0:08:31]} Nbd7
{[%clk 0:08:05]} 14. Qd2 {[%clk 0:08:11]} Qb6 {[%clk 0:07:48]} 15. Rab1
{[%clk 0:07:35]} Ne4 {[%clk 0:06:39]} 16. Qc2 {[%clk 0:07:16]} Ndf6
{[%clk 0:06:30]} 17. Ne5 {[%clk 0:06:39]} Nd5 {[%clk 0:05:04]} 18. Bh2
{[%clk 0:05:29]} Ng5 {[%clk 0:04:30]} 19. Re2 {[%clk 0:04:37]} Ne6
{[%clk 0:04:22]} 20. Bc4 {[%clk 0:03:52]} Qd8 {[%clk 0:03:45]} 21. Rbe1
{[%clk 0:03:26]} Nb6 {[%clk 0:03:07]} 22. Bb3 {[%clk 0:03:16]} a5
{[%clk 0:02:47]} 23. Nd3 {[%clk 0:02:59]} a4 {[%clk 0:02:42]} 24. Bxe6
{[%clk 0:02:57]} Rxe6 {[%clk 0:02:31]} 25. Rxe6 {[%clk 0:02:50]} fxe6
{[%clk 0:02:31]} 26. Rxe6 {[%clk 0:02:49]} Qd7 {[%clk 0:01:26]} 27. Nc5
{[%clk 0:02:42]} Qf7 {[%clk 0:01:14]} 28. Qe2 {[%clk 0:02:31]} Nd5
{[%clk 0:00:56]} 29. Be5 {[%clk 0:01:40]} Re8 {[%clk 0:00:19]} 30. Bxg7
{[%clk 0:01:32]} Rxe6 {[%clk 0:00:07]} 31. Nxe6 {[%clk 0:01:30]} 1-0

[Event "msr26ss"]
[Site "?"]
[Date "2026.03.26"]
[Round "3.16"]
[White "Zakopcanova, Klaudia"]
[Black "Ondrejcak, Gregor"]
[Result "0-1"]
[BlackElo "1711"]
[WhiteElo "1000"]
[LiveChessVersion "1.4.8"]

1. e4 {[%clk 0:10:02]} c5 {[%clk 0:10:02]} 2. Nf3 {[%clk 0:09:58]} d6
{[%clk 0:10:03]} 3. Bd3 {[%clk 0:09:58]} Nc6 {[%clk 0:09:55]} 4. c3
{[%clk 0:09:57]} Nf6 {[%clk 0:09:51]} 5. O-O {[%clk 0:09:45]} Bg4
{[%clk 0:09:51]} 6. Be2 {[%clk 0:09:45]} g6 {[%clk 0:09:48]} 7. h3
{[%clk 0:09:45]} Bc8 {[%clk 0:09:33]} 8. d3 {[%clk 0:09:37]} Bg7 {[%clk 0:09:34]}
9. Re1 {[%clk 0:09:31]} O-O {[%clk 0:09:30]} 10. d4 {[%clk 0:09:28]} cxd4
{[%clk 0:09:29]} 11. cxd4 {[%clk 0:09:27]} Nxe4 {[%clk 0:08:52]} 12. Rf1
{[%clk 0:09:03]} Qb6 {[%clk 0:08:34]} 13. Be3 {[%clk 0:08:50]} Qxb2
{[%clk 0:07:55]} 14. Nbd2 {[%clk 0:08:26]} Nc3 {[%clk 0:06:56]} 15. Qe1
{[%clk 0:07:55]} Nxe2+ {[%clk 0:06:08]} 16. Qxe2 {[%clk 0:07:49]} Qa3
{[%clk 0:06:04]} 17. Nc4 {[%clk 0:07:44]} Qa6 {[%clk 0:05:53]} 18. Rfc1
{[%clk 0:07:41]} d5 {[%clk 0:05:50]} 19. g4 {[%clk 0:06:13]} dxc4
{[%clk 0:05:47]} 20. Rxc4 {[%clk 0:06:12]} Be6 {[%clk 0:05:37]} 21. Rac1
{[%clk 0:06:10]} Bxc4 {[%clk 0:05:32]} 22. Rxc4 {[%clk 0:05:55]} Rfd8
{[%clk 0:05:12]} 23. Qd3 {[%clk 0:05:31]} Qxa2 {[%clk 0:04:48]} 24. d5
{[%clk 0:05:18]} Rac8 {[%clk 0:03:52]} 25. Qe4 {[%clk 0:05:08]} Qa1+
{[%clk 0:03:41]} 26. Kg2 {[%clk 0:05:08]} Ne5 {[%clk 0:03:35]} 27. Rxc8
{[%clk 0:04:42]} Rxc8 {[%clk 0:03:35]} 28. Ng5 {[%clk 0:04:32]} Rc4 29. Qf3
{[%clk 0:04:11]} Nxf3 {[%clk 0:03:18]} 30. Nxf3 {[%clk 0:04:10]} Qd1
{[%clk 0:03:11]} 31. Ne5 {[%clk 0:04:03]} Bxe5 {[%clk 0:03:07]} 32. f3
{[%clk 0:03:55]} Rc2+ {[%clk 0:03:07]} 33. Bf2 {[%clk 0:03:54]} Qe2
{[%clk 0:03:02]} 34. h4 {[%clk 0:03:49]} Qxf2+ {[%clk 0:03:02]} 35. Kh3
{[%clk 0:03:49]} Qh2# 0-1

[Event "msr26ss"]
[Site "?"]
[Date "2026.03.26"]
[Round "3.17"]
[White "Mrazik, Lukas"]
[Black "Gay, Lukas"]
[Result "1/2-1/2"]
[BlackElo "2064"]
[WhiteElo "1883"]
[LiveChessVersion "1.4.8"]

1. e4 {[%clk 0:10:02]} d5 {[%clk 0:10:04]} 2. exd5 {[%clk 0:10:00]} Qxd5
{[%clk 0:10:04]} 3. Nc3 {[%clk 0:10:00]} Qa5 {[%clk 0:10:06]} 4. Nf3
{[%clk 0:09:55]} Nf6 {[%clk 0:10:07]} 5. d4 {[%clk 0:09:19]} Bf5 {[%clk 0:10:07]}
6. Bd3 {[%clk 0:08:55]} e6 {[%clk 0:10:07]} 7. O-O {[%clk 0:08:43]} Be7
{[%clk 0:10:03]} 8. Bd2 {[%clk 0:08:44]} Bxd3 {[%clk 0:10:03]} 9. cxd3
{[%clk 0:08:19]} c6 {[%clk 0:10:01]} 10. Qb3 {[%clk 0:07:51]} Qb6
{[%clk 0:09:55]} 11. Qxb6 {[%clk 0:07:24]} axb6 {[%clk 0:09:56]} 12. Ne4
{[%clk 0:07:23]} Nbd7 {[%clk 0:09:52]} 13. a3 {[%clk 0:07:22]} O-O
{[%clk 0:09:49]} 14. Rac1 {[%clk 0:07:06]} Nd5 {[%clk 0:09:41]} 15. Ne5
{[%clk 0:06:37]} Rfd8 {[%clk 0:09:04]} 16. f4 {[%clk 0:06:20]} f6 17. Nf3
{[%clk 0:06:03]} b5 {[%clk 0:07:14]} 18. Nc5 {[%clk 0:05:11]} Nxc5
{[%clk 0:06:47]} 19. dxc5 {[%clk 0:05:10]} Ra4 {[%clk 0:06:45]} 20. d4
{[%clk 0:04:47]} b4 {[%clk 0:06:22]} 21. axb4 {[%clk 0:04:25]} Ra2
{[%clk 0:05:47]} 22. Ra1 {[%clk 0:02:53]} Rxb2 {[%clk 0:05:17]} 23. Ra7
{[%clk 0:02:20]} Rb8 {[%clk 0:05:12]} 24. Ra4 {[%clk 0:01:39]} Kf7
{[%clk 0:04:26]} 25. Re1 Bd8 {[%clk 0:03:31]} 26. Kf1 {[%clk 0:00:46]} Bc7
{[%clk 0:03:04]} 27. g3 {[%clk 0:00:43]} Ne7 {[%clk 0:02:59]} 28. Rea1
{[%clk 0:00:19]} Nf5 {[%clk 0:02:17]} 29. R4a2 {[%clk 0:00:19]} Rb3
{[%clk 0:01:36]} 30. Ra3 {[%clk 0:00:18]} Rb2 {[%clk 0:01:37]} 31. R3a2
{[%clk 0:00:19]} Rxa2 {[%clk 0:01:38]} 32. Rxa2 {[%clk 0:00:20]} Ne7
{[%clk 0:01:34]} 33. Ra7 {[%clk 0:00:14]} Nd5 {[%clk 0:01:35]} 34. Ke2
{[%clk 0:00:13]} b6 {[%clk 0:01:34]} 35. Kd3 {[%clk 0:00:03]} bxc5
{[%clk 0:01:33]} 36. bxc5 {[%clk 0:00:03]} Rb3+ {[%clk 0:01:33]} 37. Ke2
{[%clk 0:00:03]} Kg6 {[%clk 0:01:27]} 38. h3 {[%clk 0:00:04]} Rb2
{[%clk 0:00:49]} 39. Kd3 Rb3+ {[%clk 0:00:38]} 40. Ke2 {[%clk 0:00:04]} Rb2
{[%clk 0:00:35]} 41. Kd3 {[%clk 0:00:05]} Rb1 {[%clk 0:00:36]} 42. Ke2
{[%clk 0:00:05]} Rh1 {[%clk 0:00:37]} 43. h4 {[%clk 0:00:06]} Kf5
{[%clk 0:00:31]} 44. Ra8 {[%clk 0:00:07]} h6 {[%clk 0:00:15]} 45. Rg8
{[%clk 0:00:07]} g5 {[%clk 0:00:16]} 46. hxg5 {[%clk 0:00:07]} hxg5
{[%clk 0:00:17]} 47. fxg5 {[%clk 0:00:08]} fxg5 {[%clk 0:00:11]} 48. Rxg5+
{[%clk 0:00:09]} Kf6 {[%clk 0:00:12]} 49. Rg8 {[%clk 0:00:09]} Ne7
{[%clk 0:00:06]} 50. Bg5+ {[%clk 0:00:09]} Kf7 {[%clk 0:00:08]} 51. Ra8
{[%clk 0:00:08]} Nd5 {[%clk 0:00:08]} 52. Bf4 {[%clk 0:00:06]} Bxf4
{[%clk 0:00:09]} 53. gxf4 {[%clk 0:00:07]} Nxf4+ {[%clk 0:00:07]} 54. Ke3
{[%clk 0:00:08]} Nd5+ {[%clk 0:00:08]} 55. Ke2 {[%clk 0:00:08]} Rb1
{[%clk 0:00:05]} 56. Ra7+ {[%clk 0:00:09]} Kf6 {[%clk 0:00:07]} 57. Ra8
{[%clk 0:00:08]} Rb2+ {[%clk 0:00:06]} 58. Kd3 {[%clk 0:00:08]} Rb3+
{[%clk 0:00:08]} 59. Ke2 {[%clk 0:00:10]} Nf4+ {[%clk 0:00:09]} 60. Kf2
{[%clk 0:00:10]} Kf5 {[%clk 0:00:08]} 61. Rf8+ {[%clk 0:00:10]} Ke4
{[%clk 0:00:06]} 62. Ng5+ {[%clk 0:00:11]} Kxd4 {[%clk 0:00:05]} 63. Rxf4+
{[%clk 0:00:12]} Kxc5 {[%clk 0:00:06]} 64. Nxe6+ {[%clk 0:00:12]} Kd5
{[%clk 0:00:07]} 65. Nc7+ {[%clk 0:00:12]} Kd6 {[%clk 0:00:08]} 66. Ne8+
{[%clk 0:00:11]} Kd5 {[%clk 0:00:09]} 67. Rf3 {[%clk 0:00:10]} Rxf3+
{[%clk 0:00:05]} 68. Kxf3 {[%clk 0:00:10]} c5 {[%clk 0:00:06]} 69. Nf6+
{[%clk 0:00:11]} c4 {[%clk 0:00:08]} 70. Ne4 {[%clk 0:00:11]} c3 {[%clk 0:00:09]}
71. Nxc3+ {[%clk 0:00:12]} 1/2-1/2

[Event "msr26ss"]
[Site "?"]
[Date "2026.03.26"]
[Round "3.18"]
[White "Geletka, Tomas"]
[Black "Stelmak, Adam"]
[Result "1-0"]
[BlackElo "1862"]
[WhiteElo "1946"]
[LiveChessVersion "1.4.8"]

1. d4 {[%clk 0:10:01]} c5 {[%clk 0:10:03]} 2. d5 {[%clk 0:09:57]} Nf6
{[%clk 0:10:01]} 3. c4 {[%clk 0:09:58]} b5 {[%clk 0:10:01]} 4. cxb5
{[%clk 0:09:58]} a6 {[%clk 0:10:02]} 5. bxa6 {[%clk 0:09:57]} g6 {[%clk 0:10:02]}
6. Nc3 {[%clk 0:09:56]} Bg7 {[%clk 0:09:59]} 7. e4 {[%clk 0:09:56]} O-O
{[%clk 0:09:59]} 8. Nf3 {[%clk 0:09:53]} Qa5 {[%clk 0:09:50]} 9. Bd3
{[%clk 0:09:38]} Nxd5 {[%clk 0:09:03]} 10. exd5 {[%clk 0:08:33]} Bxc3+
{[%clk 0:09:04]} 11. bxc3 {[%clk 0:08:33]} Qxc3+ {[%clk 0:09:04]} 12. Qd2
{[%clk 0:07:47]} Qxa1 {[%clk 0:09:04]} 13. O-O {[%clk 0:07:48]} Qg7
{[%clk 0:08:26]} 14. Bb2 {[%clk 0:07:43]} f6 {[%clk 0:08:10]} 15. d6
{[%clk 0:06:36]} e5 {[%clk 0:08:11]} 16. Bxg6 {[%clk 0:06:20]} Rxa6
{[%clk 0:06:11]} 17. Bd3 {[%clk 0:06:06]} Rc6 {[%clk 0:03:45]} 18. Bc4+
{[%clk 0:05:59]} Kh8 {[%clk 0:03:45]} 19. Re1 {[%clk 0:04:48]} Re8
{[%clk 0:03:21]} 20. Qd5 {[%clk 0:04:04]} Re6 {[%clk 0:01:34]} 21. Nxe5
{[%clk 0:02:45]} Rcxd6 {[%clk 0:01:15]} 22. Qxc5 {[%clk 0:01:37]} Bb7
{[%clk 0:00:39]} 23. f3 {[%clk 0:00:40]} Nc6 {[%clk 0:00:23]} 24. Bxe6
{[%clk 0:00:22]} Rxe6 {[%clk 0:00:14]} 25. Nf7+ {[%clk 0:00:05]} Qxf7
{[%clk 0:00:14]} 26. Rxe6 {[%clk 0:00:06]} Qxe6 {[%clk 0:00:13]} 27. Qf8+ Qg8
{[%clk 0:00:00]} 28. Qxf6+ {[%clk 0:00:04]} Qf7 1-0

[Event "msr26ss"]
[Site "?"]
[Date "2026.03.26"]
[Round "3.20"]
[White "Hudakova, Nina"]
[Black "Sugarova, Natalia"]
[Result "0-1"]
[BlackElo "1000"]
[WhiteElo "1501"]
[LiveChessVersion "1.4.8"]

1. e4 {[%clk 0:10:02]} e5 {[%clk 0:10:02]} 2. Nf3 {[%clk 0:10:01]} Nc6
{[%clk 0:10:02]} 3. Bc4 {[%clk 0:10:01]} Bc5 {[%clk 0:10:01]} 4. O-O
{[%clk 0:10:00]} Nf6 {[%clk 0:10:00]} 5. d3 {[%clk 0:09:57]} d6 {[%clk 0:09:58]}
6. h3 {[%clk 0:09:56]} h6 {[%clk 0:09:57]} 7. Nbd2 {[%clk 0:09:54]} O-O
{[%clk 0:09:56]} 8. Re1 {[%clk 0:09:54]} Re8 {[%clk 0:09:48]} 9. Nf1
{[%clk 0:09:54]} Be6 {[%clk 0:09:19]} 10. Bb3 {[%clk 0:09:49]} Bxb3
{[%clk 0:09:00]} 11. axb3 {[%clk 0:09:44]} d5 {[%clk 0:08:46]} 12. exd5
{[%clk 0:09:17]} Qxd5 {[%clk 0:08:05]} 13. Ra4 {[%clk 0:08:22]} e4
{[%clk 0:07:14]} 14. N3h2 {[%clk 0:06:02]} Qf5 {[%clk 0:06:16]} 15. Be3
{[%clk 0:05:40]} Bd6 {[%clk 0:05:44]} 16. dxe4 {[%clk 0:05:16]} Nxe4
{[%clk 0:05:24]} 17. Ng4 {[%clk 0:04:11]} Rad8 {[%clk 0:04:49]} 18. Qe2
{[%clk 0:03:50]} Bf4 {[%clk 0:03:43]} 19. Bxa7 {[%clk 0:03:33]} Nxa7
{[%clk 0:02:32]} 20. Rxa7 {[%clk 0:03:32]} h5 {[%clk 0:02:05]} 21. Nge3
{[%clk 0:03:02]} Bxe3 {[%clk 0:01:58]} 22. Nxe3 {[%clk 0:02:54]} Qg5
{[%clk 0:00:55]} 23. Rxb7 {[%clk 0:02:16]} Rd2 {[%clk 0:00:42]} 24. Qc4
{[%clk 0:01:16]} Nxf2 {[%clk 0:00:20]} 25. Kh2 {[%clk 0:00:27]} Qe5+
{[%clk 0:00:14]} 26. Kg1 {[%clk 0:00:13]} Nxh3+ {[%clk 0:00:09]} 0-1

[Event "msr26ss"]
[Site "?"]
[Date "2026.03.26"]
[Round "3.21"]
[White "Gollner, Martin"]
[Black "Malaschitz, Teodor"]
[Result "0-1"]
[BlackElo "1903"]
[WhiteElo "2196"]
[LiveChessVersion "1.4.8"]

1. d4 {[%clk 0:10:02]} d5 {[%clk 0:10:03]} 2. c4 {[%clk 0:10:03]} c6
{[%clk 0:10:04]} 3. Nc3 {[%clk 0:10:04]} Nf6 {[%clk 0:10:05]} 4. Nf3
{[%clk 0:10:04]} e6 {[%clk 0:10:06]} 5. e3 {[%clk 0:10:01]} Nbd7 {[%clk 0:10:07]}
6. Bd3 {[%clk 0:10:00]} dxc4 {[%clk 0:10:07]} 7. Bxc4 {[%clk 0:10:01]} b5
{[%clk 0:10:08]} 8. Be2 {[%clk 0:09:38]} a6 {[%clk 0:10:07]} 9. e4
{[%clk 0:09:19]} Bb7 {[%clk 0:10:05]} 10. O-O {[%clk 0:08:01]} Be7
{[%clk 0:10:03]} 11. e5 {[%clk 0:07:40]} Nd5 {[%clk 0:10:03]} 12. Ne4
{[%clk 0:07:17]} c5 {[%clk 0:09:56]} 13. Nd6+ {[%clk 0:06:56]} Bxd6
{[%clk 0:09:57]} 14. exd6 {[%clk 0:06:57]} c4 {[%clk 0:09:49]} 15. Ne5
{[%clk 0:06:29]} N7f6 {[%clk 0:09:39]} 16. Bf3 {[%clk 0:04:19]} Qxd6
{[%clk 0:09:06]} 17. Bg5 {[%clk 0:04:15]} Qc7 {[%clk 0:08:49]} 18. Rc1
{[%clk 0:04:02]} Nd7 {[%clk 0:08:34]} 19. Re1 {[%clk 0:03:49]} Nxe5
{[%clk 0:08:14]} 20. dxe5 {[%clk 0:03:50]} Ne7 {[%clk 0:07:35]} 21. Bxb7
{[%clk 0:02:30]} Qxb7 {[%clk 0:07:33]} 22. Qd6 {[%clk 0:02:30]} Nd5
{[%clk 0:05:15]} 23. Kh1 {[%clk 0:01:18]} h6 {[%clk 0:05:02]} 24. Bh4
{[%clk 0:01:14]} Qc7 {[%clk 0:04:45]} 25. Qa3 {[%clk 0:00:59]} g5
{[%clk 0:04:37]} 26. Bg3 {[%clk 0:01:00]} Qe7 {[%clk 0:04:37]} 27. Qf3
{[%clk 0:00:48]} O-O {[%clk 0:04:09]} 28. Qh5 {[%clk 0:00:19]} Kg7
{[%clk 0:04:10]} 29. h4 {[%clk 0:00:14]} b4 {[%clk 0:04:02]} 30. Rxc4
{[%clk 0:00:10]} Kh7 {[%clk 0:03:52]} 31. Rg4 {[%clk 0:00:04]} f5
{[%clk 0:03:44]} 32. hxg5 {[%clk 0:00:00]} fxg4 33. Qxh6+ {[%clk 0:10:02]} Kg8
{[%clk 0:10:02]} 0-1